Statistiken für Vornamen aus der Fußball-Bundesliga 1997/98

Klicken Sie hier um das Quiz zu spielen!

Allgemein

  • Dieses Quiz wurde 264 mal gespielt
    (179 seit der letzten Aktualisierung)
  • Das Durchschnittsergebnis liegt bei 10 aus 18

Antwortstatistiken

NachnameVereinVorname% Korrekt
EffenbergBorussia MönchengladbachStefan
96%
SchollBayern MünchenMehmet
88%
SalihamidzicHamburger SVHasan
82%
WilmotsSchalke 04Marc
74%
WörnsBayer LeverkusenChristian
72%
KiralyHertha BSCGabor
68%
HerzogWerder BremenAndreas
63%
WoszVfL BochumDariusz
63%
BarbarezHansa RostockSergej
63%
PrägerVfL WolfsburgRoy
54%
YakinVfB StuttgartMurat
48%
HengenKarlsruher SCThomas
45%
HeinrichBorussia DortmundJörg
44%
Koch1. FC KaiserslauternHarry
43%
Bender1860 MünchenManfred
43%
Tretschok1. FC KölnRené
41%
KochArminia BielefeldGeorg
27%
HirschMSV DuisburgDietmar
21%

Verteilung der Resultate

Perzentil nach korrekt beantworteten Fragen

Anzahl Personen mit jedem Resultat

Ihre Resultats-Entwicklung

Sie haben dieses Quiz seit der letzten Aktualisierung nicht gespielt